000
00324nam a2200145Ia 4500
100
_a
Vinogradov
650
_a
Electrical Engineering
942
_c
BK
654
_a
Electrician
245
_a
The Industrial Electrician
260
_b
Mir Publishers
_a
Moscow
_c
1970
082
_a
621.3
300
_a
358
546
_a
ENGLISH
999
_c
33761
_d
33761